|
|
|
|
| LEADER |
00903cam a2200241 7i4500 |
| 001 |
0000010022 |
| 005 |
20250508090000.0 |
| 008 |
250508t19621962is # ### #00001-ajm# |
| 040 |
# |
# |
|a UMT
|b eng
|c UMT
|d Loc
|e rda
|
| 090 |
0 |
0 |
|a QL 633 .R8
|b B47 1962
|
| 100 |
1 |
# |
|a Berg, L.S.
|e author
|
| 245 |
1 |
0 |
|a Freshwater fishes of the U.S.S.R. and adjacent countries
|c L.S.Berg.
|
| 264 |
# |
0 |
|a Jerusalem:
|b Israel Program for Scientific Translations,
|c 1962
|
| 300 |
# |
# |
|a 510 pages;
|c 25 cm
|
| 336 |
# |
# |
|a text --
|2 rdacontent
|
| 337 |
# |
# |
|a unmediated --
|2 rdamedia
|
| 338 |
# |
# |
|a volume --
|2 rdacarrier
|
| 504 |
# |
# |
|a Includes bibliographical references and index
|
| 590 |
# |
# |
|a Perpustakaan Sultanah Nur Zahirah
|
| 590 |
# |
# |
|a Koleksi Prof. Madya Dr. Mohsin
|
| 650 |
# |
0 |
|a Freshwater fishes --
|z Soviet Union
|
| 999 |
|
|
|a 1000400924
|b Book
|c Open Shelf
|e KOLEKSI TERBUKA
|
| 999 |
|
|
|a 1100076473
|b Book
|c Open Shelf
|e KOLEKSI TERBUKA
|